5HLuxD.jpg

KING HENRY VIII SENIOR AND PRIMARY SCHOOL LIBRARY OPAC

The Titan's curse / (Record no. 3843)

000 -LEADER
fixed length control field 01481cam a2200361 i 4500
001 - CONTROL NUMBER
control field .b21682604
003 - CONTROL NUMBER IDENTIFIER
control field OSt
005 - DATE AND TIME OF LATEST TRANSACTION
control field 20241111120950.0
008 - FIXED-LENGTH DATA ELEMENTS--GENERAL INFORMATION
fixed length control field 160412s2007 nyu 000 1 eng d
020 ## - INTERNATIONAL STANDARD BOOK NUMBER
International Standard Book Number 9781423101482
Qualifying information (paperback)
040 ## - CATALOGING SOURCE
Original cataloging agency TWFJU
Language of cataloging eng
Description conventions rda
Transcribing agency TWFJU
Modifying agency KH8
042 ## - AUTHENTICATION CODE
Authentication code nbic
082 0# - DEWEY DECIMAL CLASSIFICATION NUMBER
Classification number FIC RIO
100 1# - MAIN ENTRY--PERSONAL NAME
Personal name Riordan, Rick,
Relator term author.
245 14 - TITLE STATEMENT
Title The Titan's curse /
Statement of responsibility, etc. Rick Riordan.
260 ## - PUBLICATION, DISTRIBUTION, ETC.
Date of publication, distribution, etc. 2007.
264 #1 - PRODUCTION, PUBLICATION, DISTRIBUTION, MANUFACTURE, AND COPYRIGHT NOTICE
Place of production, publication, distribution, manufacture New York :
Name of producer, publisher, distributor, manufacturer Disney/Hyperion,
Date of production, publication, distribution, manufacture, or copyright notice 2007.
300 ## - PHYSICAL DESCRIPTION
Extent 312 pages ;
Dimensions 20 cm.
336 ## - CONTENT TYPE
Content type term text
Source rdacontent.
337 ## - MEDIA TYPE
Media type term unmediated
Source rdamedia.
338 ## - CARRIER TYPE
Carrier type term volume
Source rdacarrier.
490 1# - SERIES STATEMENT
Series statement Percy Jackson and the Olympians ;
Volume/sequential designation 3.
520 ## - SUMMARY, ETC.
Summary, etc. When the goddess Artemis disappears while hunting a rare, ancient monster, a group of her followers joins Percy and his friends in an attempt to find and rescue her before the winter solstice, when her influence is needed to sway the Olympian Council regarding the war with the Titans.
650 #0 - SUBJECT ADDED ENTRY--TOPICAL TERM
Topical term or geographic name entry element Artemis (Greek deity)
Form subdivision Juvenile fiction.
650 #0 - SUBJECT ADDED ENTRY--TOPICAL TERM
Topical term or geographic name entry element Mythology, Greek
Form subdivision Juvenile fiction.
650 #0 - SUBJECT ADDED ENTRY--TOPICAL TERM
Topical term or geographic name entry element Animals, Mythical
Form subdivision Juvenile fiction.
650 #0 - SUBJECT ADDED ENTRY--TOPICAL TERM
Topical term or geographic name entry element Monsters
Form subdivision Juvenile fiction.
650 #0 - SUBJECT ADDED ENTRY--TOPICAL TERM
Topical term or geographic name entry element Titans (Mythology)
Form subdivision Juvenile fiction.
655 #7 - INDEX TERM--GENRE/FORM
Source of term gsafd
Genre/form data or focus term Fantasy fiction.
800 1# - SERIES ADDED ENTRY--PERSONAL NAME
Personal name Riordan, Rick.
Title of a work Percy Jackson & the Olympians (2010) ;
Volume/sequential designation bk. 3.
856 42 - ELECTRONIC LOCATION AND ACCESS
Materials specified Publisher description
Uniform Resource Identifier <a href="http://catdir.loc.gov/catdir/enhancements/fy0912/2006035731-d.html">http://catdir.loc.gov/catdir/enhancements/fy0912/2006035731-d.html</a>
942 ## - ADDED ENTRY ELEMENTS (KOHA)
Source of classification or shelving scheme
Koha item type Books - Fiction
Holdings
Withdrawn status Lost status Source of classification or shelving scheme Damaged status Not for loan Collection code Permanent Location Current Location Shelving location Date acquired Total Checkouts Full call number Barcode Date last seen Date last checked out Price effective from Koha item type Source of acquisition Public note
          Fiction KH8 Primary School Library KH8 Primary School Library Fiction 2024-11-11 2 FIC RIO KHPL000004546 2025-12-05 2025-01-20 2024-11-11 Books - Fiction    
          Fiction KH8 Primary School Library KH8 Primary School Library Fiction 2024-11-11 1 FIC RIO KHPL000004547 2025-12-05 2024-11-14 2024-11-11 Books - Fiction    
          Non-Fiction KH8 Primary School Library KH8 Primary School Library Non Fiction 2025-08-28   FIC RIO KHPL000007678 2025-12-05   2025-08-28 Books - Fiction SOF PRIMARY LIBRARY

Powered By KH8 IT Dept